00901pam a2200241 a 4500001000800000005001700008008004100025020001500066020002200081040001800103082002500121100002400146245014300170260008100313300001700394490004700411500002000458650001600478650001400494650002200508856006300530856006600593142578220231205001015.0850102s1985 enk b 001 0 eng  a0521307473 a0521314828 (pbk.) aDLCcDLCdDLC00a305.2/0967219bBER.1 aBernardi, Bernardo.10aAge class systems :bsocial institutions and polities based on age /cBernardo Bernardi ; translated from the Italian by David I. Kertzer. aCambridge [Cambridgeshire] ;aNew York :bCambridge University Press,c1985. axv, 191 p. ;1 aCambridge studies in social anthropology ; aIncludes index. 0aAge groups. 0aEthnology 0aSocial structure.42uhttp://www.loc.gov/catdir/description/cam031/84029394.html41uhttp://www.loc.gov/catdir/enhancements/fy0803/84029394-t.html